01414nam a2200277Ia 4500003000400000005001700004008004100021020001800062040000700080041000800087082001700095100002500112245004300137260004300180300001100223365001300234906004000247942001200287999001900299952013700318952013700455952013700592952013700729952013500866952013501001OSt20230419122043.0210423s2011 xx 000 0 und d a9788180546952 cAL aeng a658 PRAL223 aPRASAD (L M).980910 aPrinciples and practice of management. aNew DelhibS Chand & Company Ltdc2011 axx,884 b305cINR amanagement. ; practice ; Principles 2ddccBK c155269d155269 001040708PGDBMaSACPGbSACPGd2009-11-07eSchool Book Companyg305.00l0o658 PRALpPG001741r2022-08-24 00:00:00w2021-04-26yBK 001040708PGDBMaSACPGbSACPGd2011-11-11eSchool Book Companyg365.00l0o658 PRALpPG001869r2022-08-24 00:00:00w2021-04-26yBK 001040708PGDBMaSACPGbSACPGd2011-11-11eSchool Book Companyg365.00l0o658 PRALpPG001870r2022-08-24 00:00:00w2021-04-26yBK 001040708PGDBMaSACPGbSACPGd2011-11-11eSchool Book Companyg365.00l0o658 PRALpPG001871r2022-08-24 00:00:00w2021-04-26yBK 001040708ECOaSACPGbSACPGd2011-10-31eSchool Book Companyg365.00l0o658 PRAPpPG006691r2022-08-24 00:00:00w2021-04-26yBK 001040708ECOaSACPGbSACPGd2011-10-31eSchool Book Companyg365.00l0o658 PRALpPG006693r2022-08-24 00:00:00w2021-04-26yBK